000 00639nam a22002177a 4500
003 OSt
005 20240530110424.0
008 150322s2012 ua aofbf 001 0 eng d
020 _a9789774165740
040 _aEG-CaGPL
_cEG-CaGPL
082 0 4 _221
_a932
_bCC/S P
100 1 _aShaw , Garry J
245 1 4 _aThe Pharaoh :
_bLife At Court And On Campaign /
_cGarry J Shaw
250 _aed. 1
260 _aCairo :
_bThe American University in Cairo Press ,
_c2012 .
300 _a224 p. :
_bill. (chiefly col.), ;
_c28 cm.
650 0 _aPharaohs
651 0 _aEgypt
_xHistory
_xAncient
942 _2ddc
_cBK
999 _c60720
_d60720